00828 a2200229 4500003000700000005001700007008004100024040002500065041000800090050002200098100002300120245014300143260004200286300003200328336002800360337003000388338002700418500005500445650002100500650006600521650001100587CBULib20240125102203.0240125b |||||||| |||| 00| 0 eng d bEnglishcCBULiberda aeng aCBU-PG THESIS/KAM aKampamba, Chileshe aEntrepreneurial family background ,perceptions and intentions: the moderating role of gender on students in Zambiac/ by Chileshe Kampamba bCopperbelt University,c2023aKitwe : ax, 97 pages : illustrations 2rdacontentaText |btxt 2rdamediaaUnmediated |bn 2rdacarrieraVolumebnc aincludes bibliographical references and appendices 0aENTREPRENEURSHIP 0aENTREPRENEURSHIP - FAMILY BACKGROUND, PERCEPTIONS, INTENTIONS 0aGENDER